Touts les Pays d'Océanie en 20 secondes - Statistiques

Statistiques générales
  • Ce quiz a été pris 98 fois
  • Le résultat moyen est 8 sur 14
Réponses sur la Carte
Les réponses sont colorées sur une échelle allant du rouge au vert en fonction du pourcentage des utilisateurs qui les ont devinées à leur premier essai. Vous pouvez retrouver ces pourcentages ci-dessous.
 
Statistiques - réponses
Pays % Correct
Australie
96%
Nouvelle Zelande
83%
Fidji
65%
Micronesie
63%
Kiribati
61%
Samoa
59%
Tuvalu
57%
Papouasie nouvelle Guinée
54%
Nauru
52%
Palaos
50%
Tonga
50%
Vanuatu
50%
Îles Marshall
46%
Îles Salomon
41%
Aucun quiz correspondant
Distribution des résultats
% des personnes avec chaque résultat
Percentile par nombre de réponses
Votre historique - résultats
Vous n’avez pas pris ce quiz